|
|
|
|
| LEADER |
00000nab a2200000 a 4500 |
| 001 |
vtls009163693 |
| 003 |
SK-MaSNL |
| 005 |
20260426105533.0 |
| 008 |
250507c2007 xo |||||||||||000 b|slo |
| 015 |
|
|
|a SNBRB2007/11
|2 snkbucl
|
| 035 |
|
|
|a (uuid)dac3c6c8-82dd-4145-bdd3-d2299ddf2532
|
| 035 |
|
|
|a urn:nbn:sk:snk-ab11bi
|
| 035 |
|
|
|a (urnnbn)urn:nbn:sk:snk:ar-a03ne4
|
| 038 |
|
|
|a SNKBUCL
|
| 040 |
|
|
|a SNKBUCL
|b slo
|c SNKBUCL
|e AACR2
|
| 041 |
0 |
|
|a slo
|
| 044 |
|
|
|a xo
|c SK
|
| 080 |
|
|
|a 628.463.08:338.58
|x (437.6)
|2 2001
|
| 080 |
|
|
|a 338.58
|2 2001
|
| 100 |
1 |
|
|a Lukáč, Milan
|4 aut
|9 484191
|
| 245 |
1 |
0 |
|a Ekonomické aspekty separovaného zberu v SR a možnosti jeho efektívneho rozvoja
|n 1. časť
|c Milan Lukáč, Elemír Galovič
|
| 300 |
|
|
|b Grafy, tab.
|
| 650 |
0 |
7 |
|a separovaný zber odpadu
|2 snkbucl
|9 29387
|
| 650 |
0 |
7 |
|a ekonomické aspekty
|2 SNKPH
|9 3838
|
| 650 |
0 |
7 |
|a náklady
|2 SNKPH
|9 2318
|
| 651 |
|
7 |
|a Slovensko
|2 snkbucl
|9 14231
|
| 700 |
1 |
|
|a Galovič, Elemír
|4 aut
|9 454448
|
| 773 |
0 |
|
|t Odpady
|g Roč. 7, č. 10 (2007), s. 28-30
|x 1335-7808
|
| 850 |
|
|
|a Slovenská národná knižnica
|
| 852 |
|
|
|a Slovenská národná knižnica
|
| 954 |
|
|
|a odborná, vedecká literatúra pôvodná (slovenská)
|2 lita
|
| 958 |
|
|
|a article2022
|
| 958 |
|
|
|a SK
|
| 958 |
|
|
|a OND
|
| 958 |
|
|
|a EUIPO
|
| 999 |
|
|
|c 3353834
|d 3355764
|